Teatrinos /

Guardado en:
Autor Principal: Galich, Manuel
Formato: Libro
Publicado: Buenos Aires : Az, 2013
Materias:
Etiquetas: Agregar Etiqueta
Sin Etiquetas, Sea el primero en etiquetar este registro!
LEADER 00838nam a22002415a 4500
001 CEM.cems015475
005 20191209140314.0
008 130507s2013##################000#0#####d
003 CEMS
020 |a 9789873501449 
082 0 4 |a A862.4 
100 1 |a Galich, Manuel 
245 1 0 |a Teatrinos /  |c Manuel Galich ; ilustrado Por Christine Varadi 
260 |a Buenos Aires :  |b Az,  |c 2013 
300 |a 112 p. 
505 0 |a Entremés de los cinco pescaditos y el río revuelto -- Puedelotodo vencido -- Ropa de teatro -- El oso colmenero -- ¿Cómo montar una obra de teatro? 
653 |a Literatura 
653 |a Literatura argentina 
653 |a Literatura infantil 
653 |a Teatro 
653 |a Teatro infantil 
653 |a Colección ciencias de la educación 
859 |a CEMS  |b BIB. CEMS - Ccias. Educacion  |h A862.4  |i G133  |k CE  |p 28897.19  |t Ej.1